| 000 | 00516nam a2200169 4500 | ||
|---|---|---|---|
| 001 | 122692 | ||
| 003 | ES-MaACL | ||
| 005 | 20230906192027.0 | ||
| 007 | t| | ||
| 008 | 070214s1970 sp r ||||1| spa d | ||
| 100 | 1 |
_aPuig Campillo, Antonio. _994256 |
|
| 245 | 1 | 0 |
_aCervantes en Murcia y Cartagena / _cAntonio Puig Campillo ; edición y prólogo de Alberto Colao. |
| 260 |
_aMurcia : _bAthenas, _c1970. |
||
| 300 |
_a113 p. ; _c20 cm. |
||
| 700 | 1 |
_aColao, Alberto. _939546 |
|
| 852 |
_aES-MaACL _jC-33803 _bR.72832 |
||
| 999 |
_c122692 _d122692 |
||